| 000 | 01731nam0a2200349 4500 | ||
|---|---|---|---|
| 001 | RU\NLR\bibl\509475 | ||
| 005 | 20260407095050.0 | ||
| 010 |
_a5-93761-053-9 _9150 |
||
| 021 |
_aRU _b2004-10706 _9552 |
||
| 035 | _a(NLR Aleph) 000501994 | ||
| 090 |
_a1179394 _c1179394 |
||
| 100 | _a20040408d2003 |||y0rusy50 ca | ||
| 101 | 0 | _arus | |
| 102 | _aRU | ||
| 105 | _aab ||||||||| | ||
| 200 | 1 |
_aГлубинные восходящие (фидерные) структуры и их минерагения _e[Докл.] _fЛ.И. Красный _gШестнадцатые науч. чтения памяти акад. Александра Петровича Карпинского |
|
| 210 |
_aСПб. _cВСЕГЕИ _d2003 |
||
| 215 |
_a30, [1] с. _cил., карт. _d22 |
||
| 300 | _aВ надзаг.: М-во природ. ресурсов Рос. Федерации, Всерос. н.-и. геол. ин-т им. А.П. Карпинского (ВСЕГЕИ), Комис. по документ. наследию акад. А.П. Карпинского | ||
| 320 | _aБиблиогр. в конце кн. (38 назв.) | ||
| 606 | 0 |
_aТектонические структуры глубинные _xМинерагения _92328580 _3RU\NLR\auth\661392625 |
|
| 686 | _aД452-23 | ||
| 686 | _aД391.6 | ||
| 700 | 1 |
_aКрасный _bЛ. И. _gЛев Исаакович _4070 |
|
| 711 | 1 | 2 |
_aНаучные чтения памяти А.П. Карпинского _d16 _f2003 _eСанкт-Петербург _3RU\NLR\AUTH\8810052949 _9606332 |
| 801 | 0 |
_aRU _bNLR _c20040408 _gPSBO |
|
| 801 | 1 |
_aRU _bNLR _c20040408 |
|
| 830 | _aАвт. раскрыт по ЭК | ||
| 942 | _cBOOK | ||
| 980 | _aNB | ||